| 000 | 01458cam a22003614a 4500 | ||
|---|---|---|---|
| 001 | 16909330 | ||
| 003 | Nust- CAS-E | ||
| 005 | 20180118181401.0 | ||
| 008 | 110808s2011 dcua b 001 0 eng | ||
| 010 | _a 2011032424 | ||
| 020 | _a9780844772219 | ||
| 020 | _a0844772216 | ||
| 020 | _a9780844772226 | ||
| 020 | _a0844772224 | ||
| 020 | _a9780844772233 | ||
| 020 | _a0844772232 | ||
| 040 |
_aDLC _cDLC _dDLC |
||
| 042 | _apcc | ||
| 043 | _an-us--- | ||
| 050 | 0 | 0 |
_aTJ807.9.U6 _bZ93 2011 |
| 082 | 0 | 0 |
_a333.79/4 _223 _bZYC 2011 |
| 100 | 1 | _aZycher, Benjamin. | |
| 245 | 1 | 0 |
_aRenewable electricity generation : _beconomic analysis and outlook / _cBenjamin Zycher. |
| 260 |
_aWashington, D.C. : _bAEI Press, _cc2011. |
||
| 300 |
_axi, 65 p. : _bill. ; _c23 cm. |
||
| 504 | _aIncludes bibliographical references and index. | ||
| 505 | 0 | _aA summary of public policy support for renewable energy in electricity generation -- Problems afflicting renewable energy in electricity generation -- Central rationales for policy support for renewables : a review -- Some implications of the outlook for the natural gas market. | |
| 650 | 0 |
_aRenewable energy sources _xEconomic aspects _zUnited States. |
|
| 650 | 0 |
_aElectric power production _zUnited States. |
|
| 906 |
_a7 _bcbc _corignew _d1 _eecip _f20 _gy-gencatlg |
||
| 942 |
_2ddc _cBK |
||
| 999 |
_c355430 _d355430 |
||